LEADER 00617nam 2200169z- 450 001 9910773494603321 035 $a(WsH)locajgh 035 $a(CKB)5490000000495981 035 $a(EXLCZ)995490000000495981 100 $a20230719c2002uuuu -u- - 101 0 $aeng 200 10$aForeign Law Brief: Human Trafficking - The Need for a Comprehensive Legislative Approach in the Russian Federation 517 $aForeign Law Brief 906 $aBOOK 912 $a9910773494603321 996 $aForeign Law Brief: Human Trafficking - The Need for a Comprehensive Legislative Approach in the Russian Federation$93668815 997 $aUNINA